000 00686nam a22002057a 4500
999 _c20852
_d20852
003 AR-CdUCM
008 190606b ||||| |||| 00| 0 spa d
040 _aMUNICIPALIDAD PROVINCIAL DEL CUSCO
_cBIBLIOTECA MUNICIPAL DEL CUSCO
082 _a869.953 /
_bO96
100 _aOyarzun, Luis
_943542
245 _aDarío /
260 _aChile:
_bUniversitaria,
_c1968.
300 _a126 páginas;
_bManuscritos impresos,
_c21 cm.
505 _aContenido: Testimonio a manera de prologo -- El vitalismo en la Poesía de Ruben Dario -- Invernal de Ruben dario...
650 _aPoesía
_9444
650 _aLiteratura
_983
650 _aArte
_9561
942 _2ddc
_cLIBROS
945 _aJavier